000 00424nam a2200109Ia 4500
008 171211s9999 xx 000 0 und d
245 4 _aThe Greenwood Encyclopedia of Clothing through American History, 1900 to the Present: Volume 2, 1950-Present
245 _cAmy T. Peterson, Ann T. Kellogg, and Scott Leff
260 _c2008
650 _xEncyclopedia and Dictionary
856 _uhttp://down.ebook777.com/065/031333417X.pdf
999 _c350138
_d350138